000 00560nam a2200205 a 4500
001 BRCA_7601
005 20190320205915.0
008 220613s1943----nyu#######---#000-0#eng-#
041 _aeng
044 _anyu
050 4 _aPZ3
_b.G37 1943
100 1 _aGardner, Erle Stanley
_d1889-1970
_910568
245 1 0 _aThe case of the drowsy mosquito
_cErle Stanley Gardner.
260 _aNueva York
_bGrosset & Dunlap
_cc1943
300 _a248 p.
_c20 cm.
500 _aS125
650 1 4 _aNovelas policiacas
_zEstados Unidos
_912997
902 _aGFM
942 _2lcc
_cB
999 _c7275
_d7275